Pittsburgh Penguins 2021-22 Jersey Numbers - Statistics

General Stats
  • This quiz has been taken 102 times
    91 since last reset
  • The average score is 19 of 23
Answer Stats
Player Name Pos # % Correct
Sidney Crosby C 87
99%
Kris Letang D 58
93%
Jake Guentzel LW 59
93%
Evgeni Malkin C 71
93%
Jason Zucker LW 16
91%
Bryan Rust RW 17
91%
Tristan Jarry G 35
91%
Danton Heinen C 43
91%
Rickard Rakell LW 67
91%
Jeff Carter C 77
90%
Brock McGinn LW 23
88%
Kasperi Kapanen RW 42
88%
Teddy Blueger C 53
87%
Marcus Pettersson D 28
85%
Brian Boyle C 11
82%
Mark Friedman D 52
75%
Louis Domingue G 70
69%
Casey DeShit G 01
61%
Chad Ruhwedel D 02
61%
Mike Matheson D 05
61%
John Marino D 06
61%
Brian Dumoulin D 08
61%
Evan Rodrigues C 09
60%
No matching quizzes found
Score Distribution
Percent of People with Each Score
Percentile by Number Answered
Your Score History
You have not taken this quiz since the last reset